An advertiser's guide to television commercial production management /

Saved in:
Bibliographic Details
Corporate Authors: A.N.A. Television Commercial Production Management Task Group, ANA, Association of National Advertisers
Format: Book
Language:English
Published: New York : Association of National Advertisers, 1990.
Subjects:
LEADER 01381cam a2200337 i 4500
001 c000408727
003 CARM
005 20221116152435.0
007 ta
008 221116s1990 nyu 000 0 eng d
035 |a (OCoLC)22687466  |z (OCoLC)222631860 
040 |a FDS  |b eng  |e rda  |c FDS  |d BTCTA  |d AU@  |d OCLCQ  |d OCLCF  |d OCLCQ  |d OCLCO  |d OCLCQ 
050 4 |a HF6146.T42  |b A48 1990 
082 0 4 |a 659.143  |2 23 
245 0 3 |a An advertiser's guide to television commercial production management /  |c A.N.A. Television Commercial Production Management Task Group, Association of National Advertisers. 
246 3 |a Television commercial production management 
264 1 |a New York :  |b Association of National Advertisers,  |c 1990. 
300 |a vii, 55 pages ;  |c 26 cm 
336 |a text  |b txt  |2 rdacontent 
336 |a text  |b txt  |2 rdacontent 
337 |a unmediated  |b n  |2 rdamedia 
337 |a unmediated  |b n  |2 rdamedia 
338 |a volume  |b nc  |2 rdacarrier 
338 |a volume  |b nc  |2 rdacarrier 
650 0 |a Television advertising. 
710 2 |a A.N.A. Television Commercial Production Management Task Group. 
710 2 |a ANA. 
710 2 |a Association of National Advertisers. 
852 8 |b CARM  |i C13864  |p 0544028  |f BK 
999 f f |i 19fc5543-e09b-53ad-83c4-730500ab26a7  |s d61095d2-1a5e-55c5-8255-3987ed1d1a2d 
952 f f |p Can circulate  |a CAVAL  |b CAVAL  |c CAVAL  |d CARM 1 Store  |e C13864  |h Other scheme  |i book  |m 0544028